Psychology : (Record no. 4025)
[ view plain ]
| 000 -LEADER | |
|---|---|
| fixed length control field | 01044cam a2200169 a 4500 |
| 020 ## - INTERNATIONAL STANDARD BOOK NUMBER | |
| ISBN | 0697253104 (pbk. : alk. paper) |
| 022 ## - INTERNATIONAL STANDARD SERIAL NUMBER | |
| ISSN | 9780697253101 |
| 050 00 - CALL NUMBER | |
| Classification number | BF121 |
| Item number | .L214 |
| 100 1# - AUTHOR | |
| Personal name | Lahey, Benjamin B. |
| 245 10 - TITLE | |
| Title | Psychology : |
| Remainder of title | an introduction / |
| Statement of responsibility, etc | Benjamin B. Lahey. |
| 250 ## - EDITION | |
| Edition statement | 6th ed. |
| 260 ## - PUBLICATION INFORMATION | |
| Place of publication | [New York] : |
| Name of publisher | McGraw-Hill, |
| Year of publication | c1998. |
| 300 ## - DESCRIPTION | |
| Number of Pages | xxix, 674 p. : |
| Other physical details | col. ill. ; |
| Dimensions | 28 cm. |
| 505 ## - FORMATTED CONTENTS NOTE | |
| Table of Content | Part 1 Introduction: what is psychology; biological foundations of behaviour. Part 2 Awareness: sensation and perception; states of consciousness. Part 3 Learning and cognition: basic principles of learning; memory; cognition, language and intelligence. Part 4 The life span: developmental psychology. Part 5 The self: motivation and emotion; gender and sexuality; personality theories and assessment. Part 6 Health and adjustment: stress and health; abnormal behaviour; therapies. Part 7 The social context: social psychology; psychology applied to business and other professions; appendix. |
| 650 #0 - SUBJECTS | |
| Topical Term | Psychology |
| 942 ## - ADDED ENTRY ELEMENTS (KOHA) | |
| Koha item type | Books |
| Withdrawn status | Lost status | Home library | Current library | Shelving location | Date acquired | Full call number | Accession Number | Koha item type | Collection code |
|---|---|---|---|---|---|---|---|---|---|
| Methodist University Library Main | Methodist University Library Main | General Stacks | 16/04/2002 | BF121 .L214 | 16276 | Books | |||
| Methodist University Library Main | Methodist University Library Main | General Stacks | 16/04/2002 | BF121 .L214 | 16273 | Books | |||
| Methodist University Library Main | Methodist University Library Main | General Stacks | 16/04/2002 | BF121 .L214 | 16277 | Books | |||
| Methodist University Library Main | Methodist University Library Main | General Stacks | 16/04/2002 | BF121 .L214 | 16271 | Books | Reference |